Analýza trhu práce SR z hľadiska integrovaného prístupu k stratégii flexiistoty – vybrané aspekty priebežná výskumná správa VÚ č. 2134, zadávateľ MPSVR SR - Sekcia práce

Gespeichert in:
Bibliographische Detailangaben
1. Verfasser: Olšovská, Andrea
Weitere Verfasser: Hodálová, Ivica, Lacko, Miloš, Valčuhová, Janka, Dudová, Iveta, Hanzelová, Eneke, Kostolná, Zuzana, Škvarková, Viera
Format: Buch
Sprache:Slowakisch
Veröffentlicht: Bratislava Inštitút pre výskum práce a rodiny 2008
Tags: Tag hinzufügen
Keine Tags, Fügen Sie das erste Tag hinzu!

MARC

LEADER 00000nlm$a2200000$$$4500
001 0091601
005 20240822101656.0
041 0 |a slo 
044 |a SK 
245 1 0 |a Analýza trhu práce SR z hľadiska integrovaného prístupu k stratégii flexiistoty – vybrané aspekty  |b priebežná výskumná správa VÚ č. 2134, zadávateľ MPSVR SR - Sekcia práce 
264 1 |a Bratislava  |b Inštitút pre výskum práce a rodiny  |c 2008 
300 |a CD-ROM 
100 1 |a Olšovská, Andrea 
700 1 |a Hodálová, Ivica 
700 1 |a Lacko, Miloš 
700 1 |a Valčuhová, Janka 
700 1 |a Dudová, Iveta 
700 1 |a Hanzelová, Eneke 
700 1 |a Kostolná, Zuzana 
700 1 |a Škvarková, Viera